Lifting the Veil of Secrecy: Perspectives on International Taxation and Capital Flight from Africa (Record no. 3568)

MARC details
005 - DATE AND TIME OF LATEST TRANSACTION
control field 20250613084642.0
020 ## - INTERNATIONAL STANDARD BOOK NUMBER
International Standard Book Number 978-82-8062-669-1
082 ## - DEWEY DECIMAL CLASSIFICATION NUMBER
Classification number 657 MIC
100 ## - MAIN ENTRY--PERSONAL NAME
Author name FJELDSTAD, O
245 ## - TITLE STATEMENT
Title Lifting the Veil of Secrecy: Perspectives on International Taxation and Capital Flight from Africa
260 ## - PUBLICATION, DISTRIBUTION, ETC.
Place of publication, distribution, etc. Norway
Name of publisher, distributor, etc. Michelsen Institute
Date of publication, distribution, etc. 2017
300 ## - PHYSICAL DESCRIPTION
Extent 167p.
Other physical details References
Dimensions 25 cm
700 ## - ADDED ENTRY--PERSONAL NAME
Other authors/Editors Sigrid Klaeboe Jacobsen
700 ## - ADDED ENTRY--PERSONAL NAME
Other authors/Editors Peter Henrisken Ringstad
942 ## - ADDED ENTRY ELEMENTS (KOHA)
Source of classification or shelving scheme Dewey Decimal Classification
Koha item type Books
Holdings
Date last seen Total checkouts Full call number Barcode Cost, replacement price Price effective from Koha item type Lost status Source of classification or shelving scheme Damaged status Not for loan Withdrawn status Home library Current library Shelving location Date acquired Source of acquisition Cost, normal purchase price
06/10/2025   657 FJE MZA000483 120000.00 06/09/2025 Books   Dewey Decimal Classification       CBE Mwanza CBE Mwanza General Collection 06/10/2025 Library Budget 40000.00
06/10/2025   657 FJE MZA000484 120000.00 06/09/2025 Books   Dewey Decimal Classification       CBE Mwanza CBE Mwanza General Collection 06/10/2025 Library Budget 40000.00